| 000 | 00664nam a22001937a 4500 | ||
|---|---|---|---|
| 999 |
_c14878 _d14878 |
||
| 003 | AR-CdUCM | ||
| 008 | 190425b ||||| |||| 00| 0 spa d | ||
| 020 | _a978-84-683-0827-2 | ||
| 040 |
_aMUNICIPALIDAD PROVINCIAL DEL CUSCO _cBIBLIOTECA MUNICIPAL DEL CUSCO |
||
| 082 |
_aEP / 808.06 / _bG25 |
||
| 100 |
_aGarcia de Oro, Gabriel _933837 |
||
| 245 |
_aMarciano Garcia y cosmochucho : _bEl híper hipo (nunca comas un dónut de un solo bocado) / |
||
| 260 |
_aBarcelona : _bEDEBE, _c2013. |
||
| 300 |
_a143 paginas ; _bIlustraciones, _c21 cm. |
||
| 650 |
_aLiteratura infantil _9588 |
||
| 650 |
_aCuento _94671 |
||
| 942 |
_2ddc _cLIBROS |
||
| 945 |
_arjall _d2019-04-25 |
||